Statistics for Famous Directors by picture

Click here to take the quiz!

General Stats

  • This quiz has been taken 139 times
  • The average score is 10 of 16

Answer Stats

Answer% Correct
Alfred Hitchcock
95%
Quentin Tarantino
92%
Steven Spielberg
92%
Martin Scorsese
86%
Woody Allen
75%
James Cameron
68%
Roman Polanski
67%
Stanley Kubrick
64%
Christopher Nolan
62%
Wes Anderson
60%
Tim Burton
58%
David Lynch
53%
David Fincher
48%
Ridley Scott
48%
Sergio Leone
23%
Bertrand Tavernier
14%

Score Distribution

Percentile by Number Answered

Percent of People with Each Score

Your Score History

You have not taken this quiz